000 02515cab a2200289 ab4500
005 20230209063832.0
008 991125c2013 cl fr p o 000 0 spa d
035 _aUPN01000200751
040 _aMX-MxUPN
_bspa
_cMX-MxUPN
_eaacr
049 _aART-E
100 1 _aLeiva, Loreto
_6- loretoleivab@u.uchile.cl
100 1 _aPineda, Marcela
100 1 _aEncina, Yonatan
245 1 0 _aAutoestima y apoyo social como predictores de la resiliencia en un grupo de adolescentes en vulnerabilidad social
_h[recurso electrónico en línea]
506 0 _aAcceso abierto
520 3 _aEl objetivo de este estudio fue probar un modelo integrado de resiliencia, de tal forma de establecer relaciones predictivas y de moderación entre factores protectores a nivel individual ‒autoestima‒ y factores protectores a nivel psicosocial ‒apoyo social familiar y entre pares‒. Todo ello en una muestra de 195 adolescentes, entre 14 y 19 años, quienes viven y estudian en contextos de alta vulnerabilidad socioeconómica en la comuna de Puente Alto, en la ciudad de Santiago. El diseño fue no experimental de corte transversal. Los resultados obtenidos mostraron que el apoyo social familiar y de las amistades resultaron ser significativos para explicar los niveles de resiliencia; sin embargo, el apoyo social percibido a nivel familiar resultó ser más importante que el apoyo social percibido a nivel de las amistades. Al indagar en los mecanismos específicos, se pudo observar que el apoyo social familiar juega un rol moderador en la relación entre la autoestima y la resiliencia. En ese sentido el apoyo social tendría un efecto diferencial importante: en los adolescentes con bajos niveles de autoestima podría actuar como un “amortiguador” de los eventos estresantes, en ausencia de un autoconcepto y autovaloración elevados; en cambio, en los adolescentes con altos niveles de autoestima el apoyo social percibido tendría un menor peso relativo, puesto que el individuo sería capaz de hacer frente a las adversidades confiando en sus recursos personales.
650 2 _aResiliencia (Rasgo de la personalidad)
_96115
650 4 _aAutoestima
_92906
650 0 _aAdolescentes
_91014
653 0 _aVULNERABILIDAD SOCIAL
653 0 _aAPOYO SOCIAL
773 _gVol. 22, no. 2 (2013), p. 111-123
_tRevista de psicología
_x0719-0581
856 4 _uhttp://www.revistapsicologia.uchile.cl/index.php/RDP/article/viewFile/30859/32798
905 _aArticulo
942 _cART-E
999 _c172852
_d172852